| 000 | 00529nam a22001937a 4500 | ||
|---|---|---|---|
| 003 | NUST - PNEC | ||
| 005 | 20170116180756.0 | ||
| 008 | 150407b xxu||||| |||| 00| 0 eng d | ||
| 020 | _a0070468141 | ||
| 040 | _cLIBRARY | ||
| 082 | _a330 MCC | ||
| 100 |
_92131 _aMcConnell, Campbell R. |
||
| 245 |
_aEconomics : principles, problems, and policies _cCampbell R. McConnell |
||
| 250 | _a13th ed. | ||
| 260 |
_aNew York. _bMcGraw-Hill, INC. _cc1996. |
||
| 300 | _c24.5 cm. | ||
| 650 |
_92132 _aEconomics _xMIS |
||
| 942 |
_2ddc _cBK |
||
| 999 |
_c62767 _d62767 |
||